Detalles MARC
| 000 -CABECERA |
| campo de control de longitud fija |
02969nam a2200277 a 4500 |
| 001 - NÚMERO DE CONTROL |
| campo de control |
000013960 |
| 005 - FECHA Y HORA DE LA ÚLTIMA TRANSACCIÓN |
| campo de control |
20250129172553.0 |
| 008 - DATOS DE LONGITUD FIJA--INFORMACIÓN GENERAL |
| campo de control de longitud fija |
091202t1988 dr 001 e spa d |
| 040 ## - FUENTE DE LA CATALOGACIÓN |
| Centro catalogador/agencia de origen |
DO-SdBNP |
| Lengua de catalogación |
spa |
| Centro/agencia transcriptor |
BNPHU |
| 082 ## - NÚMERO DE LA CLASIFICACIÓN DECIMAL DEWEY |
| Número de clasificación |
RD864.44 |
| Número de documento/Ítem |
H519f, 1988 |
| 049 ## - FONDOS LOCALES (OCLC) |
| Fondos de biblioteca |
BNPD |
| 100 1# - ENTRADA PRINCIPAL--NOMBRE DE PERSONA |
| Nombre de persona |
Henríquez Gratereaux, Federico, |
| Fechas asociadas al nombre |
1937- |
| 9 (RLIN) |
2003 |
| 245 13 - MENCIÓN DE TÍTULO |
| Título |
La feria de las ideas / |
| Mención de responsabilidad, etc. |
Federico Henríquez Gratereaux. |
| 250 ## - MENCIÓN DE EDICIÓN |
| Mención de edición |
2ª ed. |
| 260 ## - PUBLICACIÓN, DISTRIBUCIÓN, ETC. |
| Lugar de publicación, distribución, etc. |
Santo Domingo : |
| Nombre del editor, distribuidor, etc. |
Taller, |
| Fecha de publicación, distribución, etc. |
1988. |
| 300 ## - DESCRIPCIÓN FÍSICA |
| Extensión |
255 p. ; |
| Dimensiones |
21 cm. |
| 490 1# - MENCIÓN DE SERIE |
| Mención de serie |
Biblioteca taller |
| Designación de volumen o secuencia |
246 |
| 500 ## - NOTA GENERAL |
| Nota general |
Incluye datos biográficos del autor en la contracubierta. |
| 505 0# - NOTA DE CONTENIDO CON FORMATO |
| Título |
El caso de algunos escritos cortos -- |
| -- |
Tertulias iterarias y de las otras -- |
| -- |
La gimnasia del escribano -- |
| -- |
Entre dos fuegos -- |
| -- |
Crítica de la crítica -- |
| -- |
Esperpento -- |
| -- |
Guerra a la expresión petrificada -- |
| -- |
Veinte años después de la muerte de Ortega -- |
| -- |
De la visión española del mundo -- |
| -- |
Los grandes brincos estéticos-- |
| -- |
La entretela de nuestras de nuestras ideas -- |
| -- |
!Filosofía en el periódico! -- |
| -- |
Críticos, criticones, criticastro -- |
| -- |
Lomas antillanas con pensamiento de Machado -- |
| -- |
Sacarle la lengua al lenguaje -- |
| -- |
Coro de sapos -- |
| -- |
Charla de viejos -- |
| -- |
Los intelectuales brutos -- |
| -- |
El sigiloso cambio de la novela -- |
| -- |
La feria de las ideas -- |
| -- |
Venir del mono y hacer el Mono -- |
| -- |
El ombligo olímpico de Rubén Darío -- |
| -- |
El diablo y la historia con Dios a cuentas -- |
| -- |
Andrajos intelectuales -- |
| -- |
En el país de los ciegos ningún tuerto es rey -- |
| -- |
Los poetas descubren el mercado -- |
| -- |
Ideología y desinfectante -- |
| -- |
Ideología y desinfectante (cambios económicos en Rusia) -- |
| -- |
El sembrador de voces -- |
| -- |
"De incomprensibles verdades sostenido" -- |
| -- |
La marcha que conduce al Guijarro -- |
| -- |
Rebanadas de escritura -- |
| -- |
Podar el árbor de la patria -- |
| -- |
En el lomo poético del potro del Compadre Mon -- |
| -- |
Concho Primo salvado de la muerte -- |
| -- |
Cárcel, comisario y juez -- |
| -- |
Muerte y transfiguración de Concho Primo -- |
| -- |
El Masacre bajo la lupa -- |
| -- |
Los malos salvajes -- |
| -- |
Multiloquio americanista -- |
| -- |
Sustantivos y adjetivos |
| -- |
Piltrafas de libertad -- |
| 505 0# - NOTA DE CONTENIDO CON FORMATO |
| Título |
Hombres, mujeres y bichos -- |
| -- |
Mujer persona femenina hembra -- |
| -- |
!Cristo viene en autobús! -- |
| -- |
El diablo sigue siendo noticia -- |
| -- |
La sexualidad como consumo -- |
| -- |
Cómo sacar el tuétano al padrino -- |
| -- |
Las mujeres blasfemias de todos los tiempos -- |
| -- |
La inocencia, la experiencia y la locura -- |
| -- |
Especialistas, economistas, literatos, humanistas -- |
| -- |
El prestigio de la nada -- |
| -- |
El hombre como animal mitogénico -- |
| -- |
Mito, tradición y leyenda -- |
| -- |
Poetas y filosofos se tiran de las greñas -- |
| -- |
Orwell y nuestro siglo de sociolatría -- |
| -- |
Afueristas y adentristas -- |
| -- |
Odiseo, Sancho y José Arcadio se reúnen -- |
| -- |
Borges. |
| 586 ## - NOTA DE PREMIOS |
| Nota de premios |
Premio Nacional de Ensayo Pedro Henríquez Ureña, 1979. |
| 650 #0 - PUNTO DE ACCESO ADICIONAL DE MATERIA--TÉRMINO DE MATERIA |
| Término de materia o nombre geográfico como elemento de entrada |
Ensayos dominicanos |
| 9 (RLIN) |
65 |
| 650 #0 - PUNTO DE ACCESO ADICIONAL DE MATERIA--TÉRMINO DE MATERIA |
| Término de materia o nombre geográfico como elemento de entrada |
Literatura dominicana. |
| 9 (RLIN) |
67 |
| 830 #0 - PUNTO DE ACCESO ADICIONAL DE SERIE-TÍTULO UNIFORME |
| Título uniforme |
Biblioteca taller |
| Número de parte o sección de la obra |
246 |
| 9 (RLIN) |
31628 |
| 910 ## - DATOS DE OPCIÓN DEL USUARIO (OCLC) |
| Datos de opción del usuario |
Validado. Control de calidad EMS. |